Normal view
MARC view
- FELIX,LUCIENNE
Entry Personal Name
001 - CONTROL NUMBER
- control field: 131674
003 - CONTROL NUMBER IDENTIFIER
- control field: NUST
005 - DATE AND TIME OF LATEST TRANSACTION
- control field: 20251031160336.0
008 - FIXED-LENGTH DATA ELEMENTS
- fixed length control field: 251031|| aca||aabn | a|a d
040 ## - CATALOGING SOURCE
- Original cataloging agency: NUST
- Transcribing agency: NUST
100 ## - HEADING--PERSONAL NAME
- Personal name: FELIX,LUCIENNE
670 ## - SOURCE DATA FOUND
- Source citation: Work cat.: (NUST): FELIX,LUCIENNE., THE MODERN ASPECT OF MATHEMATICS /, 1960.
